000 00490nam a22001457a 4500
020 _a978-1-4053-9879-4
082 _a746.92
_bHEN/F
100 _aHENNESY, KATHRYN
245 _aFASHION THE ULTIMATE BOOK OF COSTUME AND STYLE
260 _aLONDON
_bDORLING KINDERSLEY LIMITED
_c2012
300 _a163
520 _aEVERY GENERATION REINVENTS FASHION, FROM SIMPLE TO SOPHISTICATED, ELEGANT TO EXCESSIVE, WHAT WE WEAR SAYS WHO WE ARE
650 _aFASHION STUDIES
_zUNITED KINGDOM
942 _cBK
999 _c5911
_d5911